Statystyki dla Najlepiej zarabiajający piłkarze świata

Kliknij tutaj aby rozwiązać quiz!

Ogólne statystyki

  • Ten quiz został rozwiązany 1 052 razy
  • Średni wynik to 5 z 10

Statystyki odpowiedzi

miejscezarabiająpiłkarz% Poprawnych
3.95€ mlnMessi
98%
2.97€ mlnRonaldo
97%
1.108€ mlnMbappe
94%
4.78€ mlnNeymar
87%
9.25€ mlnDe Bruyne
40%
5.34€ mlnSalah
39%
6.27€ mlnHazard
23%
8.25€ mlnSterling
8%
7.26€ mlnIniesta
5%
10.23€ mlnGrizmann
1%

Rozkład punktacji

Percentyl według liczby udzielonych odpowiedzi

Procent ludzi z każdym wynikiem

Twoja historia wyników

Nie rozwiązałeś tego quizu